Регионална библиотека "Любен Каравелов" - Русе

Осем крачки към победата над рака (Запис номер 186004)

MARC детайли
000 -Лидер
Контролно поле с фиксирана дължина 01244nam a2200313 c 4500
003 - Код на организацията, давaща контролен номер
Контролно поле BLK
005 - Дата и час на последна редакция
Контролно поле 20250116162155.0
008 - Елементи от данни с фиксирана дължина
fixed length control field 180411b bul|||||r ||||||| ||bul||
010 ## - Наследен системен номер
LC control number KNG00194998000
040 ## - Източник на каталожния запис
Идентификатор на билиотеката - собственик на записа BLK
041 ## - Код за език
Код за езика на текст/звукозапис или на отделно заглавие Български
Код за езика КДБФ Български
080 ## - УДК
Текстов определител УДК Злокачествени епителиални тумори. Рак. Карцином. - Плоскоклетъчен рак, цилиндрома, карциносарком и др.
УДК код - определител по УДК 616-006.6
УДК определител -084
УДК - код + определител 616-006.6-084
100 1# - Редна дума - Автор
Автор Маноилов, Кирил Петров
R(LIN) 287339
139 ## - Редно поле
Редна дума Маноилов, Кирил П.
Авторски знак Мано - М 27
245 10 - Сведения за заглавието
Заглавие Осем крачки към победата над рака
Подзаглавни данни Науч.-попул. очерк
Редно поле (дума) Кирил П. Маноилов.
257 ## - Страна на издаване
Страна на създаване/издаване България
260 ## - Област на издателските данни
-- София
Име на издателя, разпространителя и проч. Медицина и физкултура
Година на издаване 1984
300 ## - Физическа характеристика
Страници 144 с.
Размери/Мащаб 17 см
380 ## - Жанр
Жанр Медицина
490 1# - СЕРИИ (Колекции)
Име на серия Лекарят ви съветва
500 ## - Общи забележки
Забележка 50 105 тир.
650 #4 - Допълнително описание по предмет – тема
Основно описание – тема или топоним Рак - профилактика
9 (RLIN) 318933
852 ## - Местоположение
Форматна сигнатура Цб І 21307
856 4# - Електронен адрес и достъп
Електронен формат pdf - файл
Път до файла /url/
856 4# - Електронен адрес и достъп
Електронен формат pdf - файл
Път до файла /url/
942 ## - АРТИКУЛИ
Вид на библиотечния материал Книги
Скрит в OPAC Не
Koha issues (borrowed), all copies 1
944 ## - СЪЗДАВАНЕ И РЕДАКЦИЯ на ЗАПИСА
Създаване/Редакция Създаване
Дата на регистрацията/редакция 02.11.2016
Служител, извършил регистрацията/редакцията 30530
Статус, дата на статуса Минев Младен
944 ## - СЪЗДАВАНЕ И РЕДАКЦИЯ на ЗАПИСА
Създаване/Редакция Редакция
Дата на регистрацията/редакция 02.11.2016
Служител, извършил регистрацията/редакцията Правда_Бадева
999 ## - СИСТЕМНИ КОНТРОЛНИ НОМЕРА
Koha biblionumber 186004
Koha biblioitemnumber 186004
Наличности
Код за отписване Код за изгубен артикул Източник на класификационната схема Код за повреда Коз за рестрикции Код за отдаване Артикулен № Име на библиотеката - собственик Име на библиотеката, в която се намира в момента Статус (Текущо местоположение) Дата на вписване в системата Местоположение - отдел Цена в лева Инвентарен номер Систематично азбучна сигнатура Баркод Номер на екземпляра Цена в евро Служебна бележка Служебен тип на артикула
  Не е изгубен Universal Decimal Classification Не е повреден без рестрикции ползва се в читалня 323247 Регионална библиотека "Любен Каравелов" Русе Регионална библиотека "Любен Каравелов" Русе Хранилище 1984-01-01 Хранилище 0.48 413168 Цб І 21307 120000413168 1 0.25 N: стар фонд Дата: 01.01.1984 Книги
  Не е изгубен Universal Decimal Classification Не е повреден без рестрикции заемане за дома 323248 Регионална библиотека "Любен Каравелов" Русе Регионална библиотека "Любен Каравелов" Русе Заемна - подръчен фонд 1984-01-01 Заемна - подръчен фонд 0.48 414102 П 616-006/М 27 120000414102 2 0.25 N: стар фонд Дата: 01.01.1984 Дата инв: 02.02.2018 Бележки инв: П2018 Книги
Vip Innovations Ltd, Rousse, Bulgaria 2025